• 首页
  • 本馆介绍
  • 公告通知
  • 最新文献
  • 馆藏检索
  • 电子资源
  • 读者导购
  • 参考咨询
  • 我的图书馆
  • 登录
  • 详细信息显示
  • 放入我的书架
  • 预约/预借图书
  • 作者相关作品
  • 分类相关作品
  • 丛书相关作品
  • 出版社相关作品

书目信息

  • 表格格式
  • 工作单格式
  • 卡片格式
题名:
中小学概率的教与学
    
 
作者: 李俊 著
分册:  
出版信息: 上海   华东师范大学出版社  2003
页数: 148页
开本: 21cm
丛书名: 数学教育研究前沿
单 册:
中图分类: G633.602
科图分类:
主题词: 概率论--中小学--教学参考资料 , 概率论
电子资源:
ISBN: 7-5617-3270-8
000 00919oam2 2200277 450
001 05002413980
005 20051116090057.65
010    @a7-5617-3270-8@dCNY11.00
092    @aCN
100    @a20040521d2003 ekmy0chiy0120 ea
101 0  @achi
102    @aCN@b310000
105    @ay az 001yy
200 1  @a中小学概率的教与学@9zhong xiao xue gai lv de jiao yu xue@f李俊著@Fli jun zhu
210    @a上海@c华东师范大学出版社@d2003
215    @a148页@d21cm
225 2  @a数学教育研究前沿@h第2辑@f张奠宙,李士锜主编
320    @a有书目及索引
330    @a本书阐述了本课题研究的意义,通过文献回顾了以往的研究成果并进行对比分析,并介绍了本课题的研究方法和设计、实施研究的过程等方面内容。
461  0 @12001 @a数学教育研究前沿
606 0  @a概率论@x中小学@j教学参考资料
606 0  @a概率论
690    @aG633.602@v4
701  0 @a李俊@Ali jun@4著
801  0 @aCN@bTSSF@c20051116
905    @a10447@dG633.602@e328:2(3)
    
    中小学概率的教与学/李俊著.-上海:华东师范大学出版社,2003
    148页;21cm.-(数学教育研究前沿.第2辑/张奠宙,李士锜主编)
    
    
    ISBN 7-5617-3270-8:CNY11.00
    本书阐述了本课题研究的意义,通过文献回顾了以往的研究成果并进行对比分析,并介绍了本课题的研究方法和设计、实施研究的过程等方面内容。
●
相关链接 在E读中查询图书 在五车中查询图书 在当当中查询图书 在豆瓣中查询图书


正题名:中小学概率的教与学     索取号:G633.602/328:2(3)         预约/预借

序号 登录号 条形码 馆藏地/架位号 状态 备注
1 0362319   3623190   第一样本阅览室/ [索取号:G633.602/328:2(3)] 在馆    
2 0362320   3623207   第四借阅区/ [索取号:G633.602/328:2(3)] 在馆    
3 0362321   3623216   第四借阅区/ [索取号:G633.602/328:2(3)] 在馆    
4 0362322   3623225   第四借阅区/ [索取号:G633.602/328:2(3)] 在馆    
5 0362323   3623234   第四借阅区/ [索取号:G633.602/328:2(3)] 在馆    
6 0368052   203680524   密集书库/ [索取号:G633.602/328:2(3)] 在馆    
7 0368053   203680533   密集书库/ [索取号:G633.602/328:2(3)] 在馆    
8 0368054   203680542   密集书库/ [索取号:G633.602/328:2(3)] 在馆    
9 0368055   203680551   密集书库/ [索取号:G633.602/328:2(3)] 在馆    
10 0368056   203680560   密集书库/ [索取号:G633.602/328:2(3)] 在馆    
唐山师范学院图书馆 欢迎您!
大连网信软件有限公司© 版权所有